000 00777cam a2200229 a 4500
001 1054630
005 20180302033530.0
008 900730s1991 nyua b 001 0 eng
010 _a 90045035
020 _a0471619949 (cloth)
040 _aDLC
_cDLC
_dDLC
_dOCoLC
_dDLC
041 _aeng
080 _a681.2
082 0 0 _a681.2 FIG
_220
100 1 _a27
101 _aMEK
245 1 0 _aTheory and design for mechanical measurements /
_cRichard S. Figliola, Donald E. Beasley.
504 _aIncludes bibliographical references and index.
906 _a7
_bcbc
_corignew
_d1
_eocip
_f19
_gy-gencatlg
942 _2ddc
_cBK
999 _c43921
_d43921